000 00527nam a22002417a 4500
999 _c308652
_d308652
001 22432
003 UA-OsUOA
005 20200422174059.0
007 ta
008 20031219b un ||||| |||| 00| 0 ukr d
040 _aUA-OsUOA
_brus
_cUA-OsUOA
_dUA-OsUOA
041 _arus
044 _aRU
080 _a141.42
090 _a141.42
_bБ27
100 _aБаскин М. П.
245 _aМонтескье
260 _aМ.
_bМысль
_c1975
300 _a164 с.
650 7 _2UDC
942 _cBK
_2udc
955 _a0